| 000 | 00951cam a2200301 a 4500 | ||
|---|---|---|---|
| 001 | 5106 | ||
| 003 | BD-RjUL | ||
| 005 | 20211208234017.0 | ||
| 008 | 131224s1987 nyua b 001 0 eng | ||
| 020 | _a0883185121 : | ||
| 035 | _a(BD-RjUL)5142 | ||
| 040 |
_aDLC _cDLC _dDLC _dBD-RjUL _beng |
||
| 041 | _aeng | ||
| 082 | 0 | 0 |
_a363.350973 _219 _bCIV 1987 |
| 245 | 0 | 0 |
_aCivil defense : _ba choice of disasters / _cedited by John Dowling, Evans M. Harrell. |
| 260 |
_aNew York : _bAmerican Institute of Physics, _cc1987. |
||
| 300 |
_axvii, 231 p. : _bill. ; _c25 cm. |
||
| 504 | _aFilmography: p. [223]-228. | ||
| 504 | _aIncludes bibliographies and index. | ||
| 650 | 0 |
_aCivil defense _zUnited States. _916077 |
|
| 650 | 0 |
_aCivil defense. _916078 |
|
| 700 | 1 |
_aDowling, John. _916079 |
|
| 700 | 1 |
_aHarrell, Evans M. _916080 |
|
| 710 | 2 |
_aAmerican Institute of Physics. _916081 |
|
| 942 |
_2ddc _cBK |
||
| 999 |
_c5106 _d5106 |
||